Fairy tales / (Record no. 109997)
[ view plain ]
| 000 -LEADER | |
|---|---|
| fixed length control field | 00733nam a2200253 a 4500 |
| 001 - CONTROL NUMBER | |
| control field | 4009 |
| 005 - DATE AND TIME OF LATEST TRANSACTION | |
| control field | 20140414131847.0 |
| 008 - FIXED-LENGTH DATA ELEMENTS--GENERAL INFORMATION | |
| fixed length control field | 040602s19uu xx 00 eng d |
| 020 ## - INTERNATIONAL STANDARD BOOK NUMBER | |
| International Standard Book Number | 0-395-45991-5 |
| 050 ## - LIBRARY OF CONGRESS CALL NUMBER | |
| Classification number | M 398.2 |
| Item number | F15 1989 |
| 245 ## - TITLE STATEMENT | |
| Title | Fairy tales / |
| Statement of responsibility, etc | illustrations by Lydia Halverson, Dennis Hockerman, Linda Medley, Byrna Waldman. |
| 260 ## - PUBLICATION, DISTRIBUTION, ETC. (IMPRINT) | |
| Place of publication, distribution, etc | Boston, MA: |
| Name of publisher, distributor, etc | Houghton Mifflin, |
| Date of publication, distribution, etc | 1989. |
| 300 ## - PHYSICAL DESCRIPTION | |
| Extent | 88 p. : ill. ; cm. |
| 440 ## - SERIES STATEMENT/ADDED ENTRY--TITLE | |
| Title | Houghton Mifflin Literature |
| 500 ## - GENERAL NOTE | |
| General note | Contents: Puss in Boots--Hansel and Gretel--The Golden Bird--Snow White |
| 650 ## - SUBJECT ADDED ENTRY--TOPICAL TERM | |
| Topical term or geographic name as entry element | Folklore. |
| Withdrawn status | Lost status | Damaged status | Use restrictions | Home library | Current library | Shelving location | Date acquired | Source of acquisition | Total Checkouts | Full call number | Barcode | Date last seen | Price effective from | Koha item type |
|---|---|---|---|---|---|---|---|---|---|---|---|---|---|---|
| Munich Library | Munich Library | Main Section | 06/02/2004 | M 398.2 F15 1989 | M0236 | 04/14/2014 | 04/14/2014 | Books | ||||||
| Munich Library | Munich Library | Main Section | 06/02/2004 | M 398.2 F15 1989 | M0230 | 04/14/2014 | 04/14/2014 | Books | ||||||
| Munich Library | Munich Library | Main Section | 06/02/2004 | M 398.2 F15 1989 | M0232 | 04/14/2014 | 04/14/2014 | Books | ||||||
| Munich Library | Munich Library | Main Section | 06/02/2004 | M 398.2 F15 1989 | M0234 | 04/14/2014 | 04/14/2014 | Books | ||||||
| Munich Library | Munich Library | Main Section | 06/02/2004 | M 398.2 F15 1989 | M0235 | 04/14/2014 | 04/14/2014 | Books | ||||||
| Munich Library | Munich Library | Main Section | 06/02/2004 | M 398.2 F15 1989 | M0233 | 04/14/2014 | 04/14/2014 | Books | ||||||
| Munich Library | Munich Library | Main Section | 06/02/2004 | M 398.2 F15 1989 | M0231 | 04/14/2014 | 04/14/2014 | Books |